Applied Survival Analysis: Regression Modeling of Time-to-Event Data (Record no. 217042)

MARC details
000 -LEADER
fixed length control field 00827nam a22001937a 4500
008 - FIXED-LENGTH DATA ELEMENTS--GENERAL INFORMATION
fixed length control field 260421b |||||||| |||| 00| 0 eng d
020 ## - INTERNATIONAL STANDARD BOOK NUMBER
International Standard Book Number 9780471754992
050 ## - LIBRARY OF CONGRESS CALL NUMBER
Classification number R 853 .S7 H67 2008
Item number C.1
100 ## - MAIN ENTRY--PERSONAL NAME
Personal name Hosmer, David W.
245 ## - TITLE STATEMENT
Title Applied Survival Analysis: Regression Modeling of Time-to-Event Data
250 ## - EDITION STATEMENT
Edition statement Second Edition
260 ## - PUBLICATION, DISTRIBUTION, ETC.
Place of publication, distribution, etc. Hoboken, New Jersey
Name of publisher, distributor, etc. John Wiley & Sons, Inc.
Date of publication, distribution, etc. 2008
300 ## - PHYSICAL DESCRIPTION
Extent ix, 392p.:ill.
500 ## - GENERAL NOTE
General note Includes bibliographical references and index
650 ## - SUBJECT ADDED ENTRY
Topical term or geographic name entry element 1. Medicine - Research - Statistical methods. 2. Medical sciences - Statistical methods - Computer programmes. 3. Regression analysis - Data processing. 4. Prognosis - Statistical methods. 5. Logistic distribution.
700 ## - ADDED ENTRY--PERSONAL NAME
Personal name I. Lemeshow, Stanley II. May, Susanne
942 ## - ADDED ENTRY ELEMENTS (KOHA)
Source of classification or shelving scheme Library of Congress Classification
Koha item type Long Loan Book
Holdings
Withdrawn status Lost status Source of classification or shelving scheme Damaged status Not for loan Collection Home library Current library Date acquired Inventory number Total checkouts Full call number Barcode Date last seen Copy number Price effective from Koha item type
    Library of Congress Classification     Medicine Kisii University Library Kisii University Library 04/21/2026 113185   R 853 .S7 H67 2008 A001395 04/21/2026 C.1 04/21/2026 Long Loan Book
    Library of Congress Classification     Medicine Kisii University Library Kisii University Library 04/21/2026 113186   R 853 .S7 H67 2008 A001398 04/21/2026 C.2 04/21/2026 Long Loan Book
    Library of Congress Classification     Medicine Kisii University Library Kisii University Library 04/21/2026 113187   R 853 .S7 H67 2008 A001397 04/21/2026 C.3 04/21/2026 Long Loan Book